000 00188nam a2200073Ia 4500
008 170617s9999 xx 000 0 und d
100 _aC.S.I.R
245 4 _aThe Wealth of India:Birds-Vol-2b
260 _bCBS Publisher-delhi
999 _c14760
_d14760